Bienvenue à la Médiathèque de Saint-Andiol
banniere
Accueil Recherche avancée Mon compte
handi1 Rechercher dans le catalogue

Filtre   Mots-clés
  Recherche avancée
 
Lister les dernières nouveautés
 
Lister les livres GROS CARACTERES
 
Lister les périodiques (magazines)

handi1 Trois sorcières

Book Cover
Auteur principal : Grégoire Solotareff
Titre : Trois sorcières
Support : Livres
Langue : Francais
Publié : DL 2016 Ecole des loisirs Paris
Genre : Album
Sujets :
Étiquettes :
Pas de tags
LEADER 00916nam0a2200193 450
001 16836506
010 |a 978-2-211-05310-5  |b Cart.  |d 12,7 € 
100 |a 20160526d2026 u u0frey01 ba 
101 0 |a fre 
102 |a FR 
200 0 |a Trois sorcières  |f Grégoire Solotareff 
207 1 |a   
210 |a Paris  |c Ecole des loisirs  |d DL 2016 
215 |a 28 p.  |c ill. en coul.  |d 32 cm 
330 |a Il y avait une fois trois soeurs qui ne riaient jamais. Elles étaient assez laides et portaient des noms horribles dont elles étaient très satisfaites. Un jour, elles virent deux enfants si mignons qu'elles en furent écoeurées. Elles les kidnappèrent. Elles avaient un certain nombre de questions à leur poser... 
700 0 |a Solotareff  |b Grégoire  |c auteur-illustrateur  |f 1953-....  |4 70 
900 |a Album 
901 |a Jeunesse 
995 |a Médiathèque  |c Médiathèque  |f 089014714  |h 089014714  |k A SOL  |o p  |q j  |r az  |e Médiathèque